Pesadillas : (Registro nro. 10910)

Detalles MARC
000 -LEADER
fixed length control field 00749nam a22002777a 4500
001 - CONTROL NUMBER
control field 00264
003 - CONTROL NUMBER IDENTIFIER
control field DO-SdBNP
005 - DATE AND TIME OF LATEST TRANSACTION
control field 20160715161749.0
007 - PHYSICAL DESCRIPTION FIXED FIELD--GENERAL INFORMATION
fixed length control field 00264
008 - FIXED-LENGTH DATA ELEMENTS--GENERAL INFORMATION
fixed length control field 151207b 1996 sp 0| 0 spa d
020 ## - INTERNATIONAL STANDARD BOOK NUMBER
International Standard Book Number
040 ## - CATALOGING SOURCE
Original cataloging agency BPMSU
Language of cataloging spa
Transcribing agency BPMSU
041 ## - LANGUAGE CODE
Language code of text/sound track or separate title spa
Language code of original
092 ## - LOCALLY ASSIGNED DEWEY CALL NUMBER (OCLC)
Classification number xxxxx
Item number xxxxx
100 1# - MAIN ENTRY--PERSONAL NAME
Personal name Stine, R. L.,
Dates associated with a name 1943-
240 10 - UNIFORM TITLE
Uniform title <a href=" "> </a>
245 ## - TITLE STATEMENT
Title Pesadillas :
Remainder of title ¡Invisibles! / R.L. Stine ; traducción, Concha Pérez /
Statement of responsibility, etc. R. L. Stine ; traducción Carme Camps
260 ## - PUBLICATION, DISTRIBUTION, ETC. (IMPRINT)
Place of publication, distribution, etc. Barcelona :
Name of publisher, distributor, etc. Ediciones B,
Date of publication, distribution, etc. 1996
300 ## - PHYSICAL DESCRIPTION
Extent 143 p. ;
Dimensions 19 cm.
490 1# - SERIES STATEMENT
Series statement Pesadillas
Volume/sequential designation 8
700 12 - ADDED ENTRY--PERSONAL NAME
Personal name Pérez, Concha
Dates associated with a name tr.
830 #0 - SERIES ADDED ENTRY--UNIFORM TITLE
Uniform title Pesadillas
Volume number/sequential designation 8
910 ## - USER-OPTION DATA (OCLC)
User-option data 00260
942 ## - ADDED ENTRY ELEMENTS (KOHA)
Source of classification or shelving scheme Dewey Decimal Classification
Koha item type Libros
956 ## - LOCAL ELECTRONIC LOCATION AND ACCESS (OCLC)
Host name VMATEO
Access number 10
Compression information 20160815
Path BPMSU
Electronic name 00069
Existencias
Withdrawn status Lost status Source of classification or shelving scheme Damaged status Not for loan Collection code Home library Current library Date acquired Source of acquisition Total Checkouts Barcode Date last seen Price effective from Koha item type
    Dewey Decimal Classification       Biblioteca Pública Metropolitana Salomé Ureña Biblioteca Pública Metropolitana Salomé Ureña 07/15/2016 FUNDI   BPMET16070506 07/15/2016 07/15/2016 Libros